000
00315nam a22001457a 4500
008
210511b ||||| |||| 00| 0 eng d
020
_a
9780072131789
041
_a
eng
080
_a
004
082
_a
004
100
_a
28
101
_a
SHK
245
_a
Cascading Style Sheets 2.0
_c
Meyer,E.A
942
_2
udc
_c
BK
999
_c
57169
_d
57169